Państwa najcześciej odwiedzane przez turystów - Statystyki

Ogólne statystyki
  • Ten quiz został rozwiązany 223 razy
  • Średni wynik to 8 z 10
Statystyki odpowiedzi
Turyści Państwo % Poprawnych
78,7mln. USA/Stany Zjednoczone
97%
90,2mln. Francja
95%
83,8mln. Hiszpania
93%
64,6mln. Włochy
93%
67,5mln. Chiny
89%
39,4mln. Niemcy
87%
36,9mln. Wielka Brytania
85%
52,5mln. Turcja
81%
44,9mln. Meksyk
73%
39,7mln. Tajlandia
50%
Nie znaleziono quizów pasujących do podanych kryteriów
Rozkład punktacji
Procent ludzi z każdym wynikiem
Percentyl według liczby udzielonych odpowiedzi
Twoja historia wyników
Nie rozwiązałeś tego quizu